Estar en la escuela: pedagogía e interioridad
Guardat en:
| Autors principals: | , , |
|---|---|
| Format: | Llibre |
| Idioma: | espanyol |
| Publicat: |
Madrid
PPC
2016
|
| Edició: | 1a. ed |
| Col·lecció: | Educar
|
| Matèries: | |
| Etiquetes: |
Afegir etiqueta
Sense etiquetes, Sigues el primer a etiquetar aquest registre!
|
MARC
| LEADER | 00000cam a2200000 a 4500 | ||
|---|---|---|---|
| 001 | UCC3342 | ||
| 003 | CL-VaPUC | ||
| 008 | 180427e20160000sp |||||||||||||||||spa|d | ||
| 020 | |a 9788428829472 | ||
| 082 | 0 | 4 | |a 248.22 |b EST |2 21 |
| 100 | 0 | |a Esteve, Helena |e author |9 597352 | |
| 700 | 0 | |a Galve, Ruth |e author |9 597353 | |
| 700 | 0 | |a Ylla, Lluís |e author |9 597354 | |
| 245 | 1 | 0 | |a Estar en la escuela: pedagogía e interioridad |
| 250 | |a 1a. ed | ||
| 300 | |a 164 p | ||
| 942 | |c BK | ||
| 945 | |d 20180427 13:12:00 |a arojas | ||
| 260 | |a Madrid |b PPC |c 2016 | ||
| 650 | 0 | |a Creencia Religiosa |9 316904 | |
| 650 | 7 | |a MISTICA CRISTIANA |2 CL-VaPUC |9 559892 | |
| 650 | 0 | |a Espiritualidad cristiana |9 537993 | |
| 650 | 0 | |a Vida espiritual |9 307811 | |
| 583 | |a last modification |c 20180427 13:12:00 |k Rodrigo Vera | ||
| 490 | 0 | |a Educar | |
| 999 | |c 371092 |d 371090 | ||
| 952 | |0 0 |1 0 |3 erd |4 0 |6 248_220000000000000_EST_2016 |7 0 |8 A |9 487971 |a BIBTEO |b BIBTEO |i 5468604 |o 248.22 EST 2016 |p 5468604 |r 2025-01-17 |w 2019-11-24 |y BK |z Catalogado en:20180427 |k ICR | ||